[Event "Titled Tuesday intern op 26th Oct"]
[Site "Chess.com INT"]
[Date "2021.10.26"]
[Round "7"]
[White "Martin, Lewis"]
[Black "Trapeznikova, Darya"]
[Result "1-0"]
[WhiteElo "2205"]
[BlackElo "2072"]
[PlyCount "139"]
[EventDate "2021.10.26"]
[EventType "swiss (blitz)"]
[EventRounds "11"]
[EventCountry "USA"]
[SourceTitle "CBM 204 Extra"]
[Source "ChessBase"]
[SourceDate "2021.11.30"]
[SourceVersion "1"]
[SourceVersionDate "2021.11.30"]
[SourceQuality "1"]

1. e4 c5 2. Nf3 Nc6 3. d4 cxd4 4. Nxd4 e5 5. Nb5 d6 6. N1c3 a6 7. Na3 b5 8. Nd5 Nce7 9. c4 Nxd5 10. Qxd5 Be6 11. Qc6+ Bd7 12. Qb7 bxc4 13. Bxc4 Be7 14. 0-0 Nf6 15. Be3 0-0 16. f3 Qc8 17. Qb3 Rb8 18. Qc2 d5 19. exd5 Bxa3 20. bxa3 Nxd5 21. Bf2 Bb5 22. Rfc1 Bxc4 23. Qxc4 Qxc4 24. Rxc4 Rfc8 25. Rxc8+ Rxc8 26. Rd1 Nc3 27. Re1 f6 28. h4 Nxa2 29. Rb1 Rc6 30. Kf1 Kf7 31. Rb7+ Kg6 32. g4 h6 33. Kg2 Nc3 34. Be1 Nd5 35. Kg3 Rc7 36. Rb8 h5 37. Ra8 hxg4 38. fxg4 Rc1 39. Bd2 Rc2 40. Be1 Nf4 41. Rxa6 Rg2+ 42. Kf3 Re2 43. Bg3 Ra2 44. Bxf4 exf4 45. Kxf4 Rh2 46. h5+ Kh6 47. a4 Rf2+ 48. Kg3 Ra2 49. Ra7 Ra3+ 50. Kh4 Ra1 51. Ra8 Rh1+ 52. Kg3 Rg1+ 53. Kf4 Rf1+ 54. Ke4 Re1+ 55. Kf5 Rf1+ 56. Ke6 Rf4 57. Rh8+ Kg5 58. Rh7 g6 59. Rg7 Kxg4 60. h6 Kg5 61. h7 Rh4 62. Kf7 Kf4 63. Kxf6 g5 64. a5 g4 65. a6 Rh6+ 66. Kf7 Rxa6 67. h8Q Ra7+ 68. Ke6 Ra6+ 69. Kd5 g3 70. Qf8+ 1-0

[Event "Titled Tuesday intern op 09th Mar"]
[Site "Chess.com INT"]
[Date "2021.03.09"]
[Round "1"]
[White "Trapeznikova, Darya"]
[Black "Gulkov, Igor A"]
[Result "0-1"]
[WhiteElo "2065"]
[BlackElo "2358"]
[PlyCount "96"]
[EventDate "2021.03.09"]
[EventType "swiss (blitz)"]
[EventRounds "11"]
[EventCountry "USA"]
[SourceTitle "CBM 201 Extra"]
[Source "ChessBase"]
[SourceDate "2021.05.31"]
[SourceVersion "1"]
[SourceVersionDate "2021.05.31"]
[SourceQuality "1"]

1. e4 c5 2. c3 Nf6 3. e5 Nd5 4. Bc4 Nb6 5. Bb3 c4 6. Bc2 Nc6 7. Nf3 d5 8. exd6 Qxd6 9. 0-0 g6 10. Re1 Bg7 11. h3 0-0 12. b3 Be6 13. Ng5 Bd5 14. Ba3 Qc7 15. Be4 Rad8 16. Qc2 h6 17. Bxd5 Rxd5 18. Nf3 Rfd8 19. Bb2 e5 20. Na3 Ne7 21. bxc4 Nxc4 22. Nxc4 Qxc4 23. Ba3 Nc6 24. Qb3 Qxb3 25. axb3 f5 26. Bc1 e4 27. Nh2 a6 28. Nf1 Ne5 29. Ba3 Nd3 30. Red1 R5d7 31. f3 exf3 32. gxf3 Nf4 33. Kh2 Bxc3 34. Rac1 Be5 35. Kh1 Nd3 36. Kg2 Nxc1 37. Rxc1 Kf7 38. Bc5 Rc8 39. Ba3 Rxc1 40. Bxc1 Bf4 41. Kf2 Rd3 42. b4 Rb3 43. Ke2 Rxb4 44. Ba3 Rb3 45. Bc5 b6 46. Bf2 a5 47. Ne3 Bxe3 48. Bxe3 a4 0-1

[Event "Titled Tuesday intern op 09th Mar"]
[Site "Chess.com INT"]
[Date "2021.03.09"]
[Round "9"]
[White "Trapeznikova, Darya"]
[Black "Wagh, Suyog"]
[Result "0-1"]
[WhiteElo "2065"]
[BlackElo "2246"]
[PlyCount "134"]
[EventDate "2021.03.09"]
[EventType "swiss (blitz)"]
[EventRounds "11"]
[EventCountry "USA"]
[SourceTitle "CBM 201 Extra"]
[Source "ChessBase"]
[SourceDate "2021.05.31"]
[SourceVersion "1"]
[SourceVersionDate "2021.05.31"]
[SourceQuality "1"]

1. e4 e5 2. Nf3 Nc6 3. Bb5 Nf6 4. Bxc6 dxc6 5. d3 Bg4 6. 0-0 Bd6 7. Be3 0-0 8. Nbd2 Re8 9. c3 Qd7 10. d4 exd4 11. Bxd4 Nxe4 12. Qb3 b6 13. Rfe1 Nc5 14. Qc2 Bh5 15. Ne5 Bxe5 16. Rxe5 Bg6 17. Qd1 Qd6 18. Rxe8+ Rxe8 19. Nf3 Nd3 20. Qd2 c5 21. Be3 c4 22. h3 Be4 23. Nd4 c5 24. Ne2 Qc6 25. f3 Bxf3 26. Nf4 Be4 27. Rf1 h6 28. Re1 Rd8 29. Qe2 f5 30. Nh5 Qg6 31. Nf4 Qf7 32. Rf1 g5 33. Nxd3 Bxd3 34. Qd2 Qe6 35. Re1 Re8 36. Qf2 Qg6 37. Bd2 Re4 38. Rxe4 fxe4 39. Be3 Qf7 40. Qe1 Qe6 41. Qf2 Qf7 42. Qe1 Qf5 43. Qf2 Qe6 44. Qe1 Kg7 45. Qf2 Kg6 46. g3 Qe7 47. Kg2 Qe6 48. Qe1 Qf5 49. Qf2 Qe6 50. Qe1 Bc2 51. Qf2 Bb1 52. a3 Ba2 53. Qe1 Bb3 54. Qf2 Bd1 55. Qe1 Bf3+ 56. Kh2 h5 57. Qd2 h4 58. Bxg5 hxg3+ 59. Kxg3 Qe5+ 60. Bf4 Qg7 61. Kh2 Kf5 62. Bg3 Qe7 63. Qf4+ Kg6 64. Qe3 Qe6 65. Qf4 Qd7 66. Qe3 Qd1 67. Qf2 Qh1# 0-1

[Event "Titled Tuesday intern op 16th Feb"]
[Site "Chess.com INT"]
[Date "2021.02.16"]
[Round "11"]
[White "Trapeznikova, Darya"]
[Black "Agrest, Inna"]
[Result "1-0"]
[WhiteElo "2065"]
[BlackElo "2285"]
[PlyCount "85"]
[EventDate "2021.02.16"]
[EventType "swiss (blitz)"]
[EventRounds "11"]
[EventCountry "USA"]
[SourceTitle "EXT 2022"]
[Source "ChessBase"]
[SourceDate "2021.10.06"]
[SourceVersion "1"]
[SourceVersionDate "2021.10.06"]
[SourceQuality "1"]

1. e4 e5 2. Nf3 Nc6 3. Bb5 a6 4. Ba4 Nf6 5. 0-0 b5 6. Bb3 Bc5 7. h3 d6 8. Re1 0-0 9. c3 Bb6 10. d4 Bb7 11. Bg5 h6 12. Bh4 exd4 13. cxd4 Na5 14. Bc2 c5 15. Nc3 cxd4 16. Nxd4 Nc4 17. Rb1 Re8 18. Nf5 Rc8 19. Bb3 d5 20. Nxd5 Bxd5 21. exd5 Qd7 22. Bxf6 Qxf5 23. Bh4 Rxe1+ 24. Qxe1 Qxd5 25. Bg3 Qd4 26. Qe2 a5 27. Rd1 Qf6 28. Bxc4 bxc4 29. Rd6 Bxf2+ 30. Qxf2 Qg5 31. Kh2 c3 32. bxc3 Rxc3 33. Qf4 Qc5 34. Rd8+ Kh7 35. Qxf7 Qg5 36. Qg8+ Kg6 37. Rd6+ Kh5 38. Rd5 Rxg3 39. Rxg5+ Rxg5 40. Qf7+ g6 41. g4+ Kh4 42. Qf4 h5 43. Qg3# 1-0

[Event "Titled Tuesday intern op 16th Feb"]
[Site "Chess.com INT"]
[Date "2021.02.16"]
[Round "2"]
[White "Trapeznikova, Darya"]
[Black "Kovacsy, Barnabas"]
[Result "0-1"]
[WhiteElo "2065"]
[BlackElo "2306"]
[PlyCount "102"]
[EventDate "2021.02.16"]
[EventType "swiss (blitz)"]
[EventRounds "11"]
[EventCountry "USA"]
[SourceTitle "EXT 2022"]
[Source "ChessBase"]
[SourceDate "2021.10.06"]
[SourceVersion "1"]
[SourceVersionDate "2021.10.06"]
[SourceQuality "1"]

1. e4 c5 2. c3 d5 3. exd5 Qxd5 4. d4 Nf6 5. Nf3 e6 6. Be3 cxd4 7. cxd4 Nc6 8. Nc3 Qd7 9. Bd3 Be7 10. 0-0 h6 11. Rc1 Nd5 12. a3 Nxc3 13. Rxc3 Bf6 14. Bb1 0-0 15. Qd3 g6 16. Bxh6 Rd8 17. Rd1 Nxd4 18. Nxd4 Qxd4 19. Qxd4 Rxd4 20. Rxd4 Bxd4 21. Rc2 e5 22. Rd2 Be6 23. h3 Rc8 24. Kh2 f5 25. Be3 Bxe3 26. fxe3 Kf7 27. Kg3 Rc1 28. Bd3 Ke7 29. Kf2 b6 30. Ke2 Bb3 31. Bb5 Ke6 32. Bd7+ Ke7 33. Bb5 Bc4+ 34. Bxc4 Rxc4 35. Kd3 Rc1 36. Re2 Kd6 37. e4 Rg1 38. exf5 gxf5 39. Ke3 Ke6 40. Kf3 Rf1+ 41. Kg3 e4 42. h4 Ke5 43. Rc2 e3 44. h5 f4+ 45. Kh2 Rf2 46. Rc8 Kf6 47. h6 Kg6 48. Rc6+ Kh7 49. Kg1 Rxb2 50. g3 Rb1+ 51. Kg2 e2 0-1

[Event "Titled Tuesday intern op 16th Feb"]
[Site "Chess.com INT"]
[Date "2021.02.16"]
[Round "7"]
[White "Trapeznikova, Darya"]
[Black "Krzywda, Andrzej"]
[Result "1-0"]
[WhiteElo "2065"]
[BlackElo "2115"]
[PlyCount "91"]
[EventDate "2021.02.16"]
[EventType "swiss (blitz)"]
[EventRounds "11"]
[EventCountry "USA"]
[SourceTitle "EXT 2022"]
[Source "ChessBase"]
[SourceDate "2021.10.06"]
[SourceVersion "1"]
[SourceVersionDate "2021.10.06"]
[SourceQuality "1"]

1. e4 c5 2. c3 d5 3. exd5 Qxd5 4. d4 e6 5. Nf3 Nf6 6. Be3 Nc6 7. Bd3 Be7 8. 0-0 0-0 9. c4 Qh5 10. Qc2 Nb4 11. Qc3 Nxd3 12. Qxd3 Rd8 13. Qb3 b6 14. dxc5 Bb7 15. Nbd2 Ng4 16. Bf4 Bxc5 17. Bg3 Qf5 18. Rae1 Rd3 19. Qa4 Rad8 20. b4 Bf8 21. h3 Nf6 22. Re5 Qg6 23. Qxa7 Bxf3 24. Nxf3 Rxf3 25. gxf3 Bd6 26. Kh2 Bxe5 27. Bxe5 Qf5 28. Qc7 Re8 29. f4 Nh5 30. Rg1 g6 31. Qd7 Ra8 32. Rg5 Qc2 33. Rg2 Qxc4 34. Qe7 Qxa2 35. Qg5 Ng7 36. Qh6 Nf5 37. Qg5 Kf8 38. Qf6 Ke8 39. Qh8+ Kd7 40. Qxh7 Kc6 41. Qxf7 Kb5 42. Qd7+ Kxb4 43. Qc6 Qc4 44. Qxb6+ Ka4 45. f3 Rc8 46. Qa7+ 1-0

[Event "Titled Tuesday intern op 16th Feb"]
[Site "Chess.com INT"]
[Date "2021.02.16"]
[Round "6"]
[White "Trapeznikova, Darya"]
[Black "Myers, Dominique"]
[Result "0-1"]
[WhiteElo "2065"]
[BlackElo "1990"]
[PlyCount "76"]
[EventDate "2021.02.16"]
[EventType "swiss (blitz)"]
[EventRounds "11"]
[EventCountry "USA"]
[SourceTitle "EXT 2022"]
[Source "ChessBase"]
[SourceDate "2021.10.06"]
[SourceVersion "1"]
[SourceVersionDate "2021.10.06"]
[SourceQuality "1"]

1. e4 c5 2. c3 Nf6 3. e5 Nd5 4. Bc4 e6 5. Nf3 Nc6 6. 0-0 Be7 7. Re1 0-0 8. d4 cxd4 9. cxd4 d6 10. exd6 Bxd6 11. Nc3 Nce7 12. Ne4 Bc7 13. a3 Bd7 14. Bg5 Bc6 15. Rc1 Rc8 16. Bd3 Bf4 17. Rc2 h6 18. Bh4 Bb8 19. Bg3 Nf4 20. Ne5 Nxd3 21. Qxd3 Bd5 22. Rxc8 Qxc8 23. Nc3 Rd8 24. Qe3 Nf5 25. Qd2 Bb3 26. Nf3 Bxg3 27. hxg3 Qd7 28. Re4 Qc6 29. g4 Nd6 30. Re1 Nc4 31. Qe2 Nb6 32. Qe4 Qxe4 33. Rxe4 Nc4 34. Re2 a6 35. Ne5 Rxd4 36. Nxc4 Bxc4 37. Re1 Rxg4 38. f3 Rd4 0-1

[Event "Titled Tuesday intern op 09th Feb"]
[Site "Chess.com INT"]
[Date "2021.02.09"]
[Round "11"]
[White "Marin Masis, Jose Esteban"]
[Black "Trapeznikova, Darya"]
[Result "1-0"]
[WhiteElo "1938"]
[BlackElo "2065"]
[PlyCount "103"]
[EventDate "2021.02.09"]
[EventType "swiss (blitz)"]
[EventRounds "11"]
[EventCountry "USA"]
[SourceTitle "EXT 2022"]
[Source "ChessBase"]
[SourceDate "2021.10.06"]
[SourceVersion "1"]
[SourceVersionDate "2021.10.06"]
[SourceQuality "1"]

1. Nf3 c5 2. c4 Nc6 3. b3 e6 4. Bb2 Nf6 5. g3 d5 6. Bg2 d4 7. d3 Be7 8. 0-0 0-0 9. e3 e5 10. exd4 exd4 11. Nbd2 Bg4 12. Re1 Bd6 13. Qc2 Re8 14. h3 Bh5 15. Ng5 Qd7 16. Nge4 Nxe4 17. Nxe4 b6 18. Qd2 Rad8 19. Qg5 Bg6 20. Re2 f5 21. Nf6+ gxf6 22. Bd5+ Kg7 23. Rxe8 Rxe8 24. Qh4 Re2 25. Bc1 h5 26. Bf3 Re1+ 27. Kg2 Ne5 28. Bxh5 Qc6+ 29. f3 Bxh5 30. Qxh5 Re2+ 31. Kf1 Re3 32. Bxe3 dxe3 33. Qxf5 Qxf3+ 34. Qxf3 Nxf3 35. Ke2 Ng5 36. h4 Nh3 37. Kxe3 Bxg3 38. Rh1 Nf4 39. Rg1 Nh5 40. Kf3 Kh6 41. Rxg3 Nxg3 42. Kxg3 Kh5 43. Kf4 Kxh4 44. Kf5 Kg3 45. Kxf6 Kf3 46. Ke5 Ke3 47. Kd5 Kxd3 48. Kc6 Kc3 49. Kb7 Kb2 50. Kxa7 Kxa2 51. Kxb6 Kxb3 52. Kxc5 1-0

[Event "Titled Tuesday intern op 09th Feb"]
[Site "Chess.com INT"]
[Date "2021.02.09"]
[Round "7"]
[White "Trapeznikova, Darya"]
[Black "Correa, Jose Augusto"]
[Result "0-1"]
[WhiteElo "2065"]
[BlackElo "1883"]
[PlyCount "84"]
[EventDate "2021.02.09"]
[EventType "swiss (blitz)"]
[EventRounds "11"]
[EventCountry "USA"]
[SourceTitle "EXT 2022"]
[Source "ChessBase"]
[SourceDate "2021.10.06"]
[SourceVersion "1"]
[SourceVersionDate "2021.10.06"]
[SourceQuality "1"]

1. e4 c5 2. c3 d5 3. exd5 Qxd5 4. d4 Nf6 5. Nf3 Bg4 6. Be2 Nc6 7. 0-0 cxd4 8. cxd4 e6 9. Nc3 Qd7 10. h3 Bxf3 11. Bxf3 Nxd4 12. Bxb7 Qxb7 13. Qxd4 Be7 14. Qa4+ Qd7 15. Qxd7+ Nxd7 16. Rd1 Nf6 17. Be3 a6 18. Rac1 0-0 19. Na4 Rfd8 20. Kf1 Nd5 21. Bc5 Bf6 22. b3 Rac8 23. b4 Rd7 24. Nb6 Nxb6 25. Bxb6 Rxc1 26. Rxc1 g6 27. Ke2 Kg7 28. Rc7 Rd5 29. Ra7 Re5+ 30. Kd3 Rd5+ 31. Kc2 Rd6 32. a4 Rxb6 33. Kb3 Bd4 34. f3 Rxb4+ 35. Kxb4 Bxa7 36. Ka5 Kf6 37. Kxa6 Be3 38. Kb5 Kf5 39. Kc4 Kf4 40. Kd3 Ba7 41. Ke2 Kg3 42. Kf1 e5 0-1

[Event "Titled Tuesday intern op 20th Oct"]
[Site "Chess.com INT"]
[Date "2020.10.20"]
[Round "4"]
[White "Trapeznikova, Darya"]
[Black "Hua, Lefong"]
[Result "0-1"]
[WhiteElo "2065"]
[BlackElo "2305"]
[PlyCount "86"]
[EventDate "2020.10.20"]
[EventType "swiss (blitz)"]
[EventRounds "11"]
[EventCountry "USA"]
[SourceTitle "EXT 2022"]
[Source "ChessBase"]
[SourceDate "2021.10.06"]
[SourceVersion "1"]
[SourceVersionDate "2021.10.06"]
[SourceQuality "1"]

1. e4 c5 2. c3 Nf6 3. e5 Nd5 4. Nf3 d6 5. exd6 Qxd6 6. d4 cxd4 7. cxd4 Nc6 8. Nc3 Bf5 9. Bc4 Nb6 10. Bb3 e6 11. 0-0 Be7 12. d5 exd5 13. Nxd5 Nxd5 14. Qxd5 Qxd5 15. Bxd5 0-0 16. Bb3 Bf6 17. a3 Rfe8 18. Ba4 Be4 19. Be3 Bxb2 20. Ra2 Bf6 21. Rc1 Red8 22. Ng5 Bd5 23. Rac2 h6 24. Nf3 g5 25. h3 Kg7 26. Rd2 Bxf3 27. gxf3 Ne5 28. Rxd8 Nxf3+ 29. Kg2 Nh4+ 30. Kf1 Rxd8 31. Rc7 Nf5 32. Bb3 Nxe3+ 33. fxe3 Rd3 34. Bxf7 Rxe3 35. Rxb7 Rxa3 36. Bh5+ Kg8 37. Rb8+ Kh7 38. Rb7+ Bg7 39. Bg4 Ra5 40. Kg2 Kg6 41. Rd7 Bf6 42. Bf3 Ra2+ 43. Kg3 Be5+ 0-1

[Event "Titled Tuesday intern op 20th Oct"]
[Site "Chess.com INT"]
[Date "2020.10.20"]
[Round "11"]
[White "Trapeznikova, Darya"]
[Black "Mogirzan, Matei Valeriu"]
[Result "1/2-1/2"]
[WhiteElo "2065"]
[BlackElo "1813"]
[PlyCount "158"]
[EventDate "2020.10.20"]
[EventType "swiss (blitz)"]
[EventRounds "11"]
[EventCountry "USA"]
[SourceTitle "EXT 2022"]
[Source "ChessBase"]
[SourceDate "2021.10.06"]
[SourceVersion "1"]
[SourceVersionDate "2021.10.06"]
[SourceQuality "1"]

1. e4 c5 2. c3 d6 3. d4 cxd4 4. cxd4 g6 5. Nf3 Bg7 6. Nc3 Nf6 7. Bc4 0-0 8. 0-0 Nxe4 9. Nxe4 d5 10. Bd3 dxe4 11. Bxe4 Nc6 12. Be3 Bg4 13. h3 Bxf3 14. Qxf3 Nxd4 15. Bxd4 Bxd4 16. Bxb7 Bxb2 17. Rad1 Qb8 18. Bxa8 Qxa8 19. Qxa8 Rxa8 20. Rd7 Bf6 21. Rfd1 a5 22. Rd8+ Rxd8 23. Rxd8+ Kg7 24. Rc8 e6 25. a4 Be7 26. Kf1 Bb4 27. Ke2 Kf6 28. Kd3 Ke5 29. Kc4 f5 30. Rh8 h5 31. Rg8 Kf6 32. Kd4 Kf7 33. Ra8 Kf6 34. f3 Kg5 35. Ra6 Kf6 36. Ra8 Kg5 37. Ke5 Bc3+ 38. Kxe6 Kh4 39. Rc8 Bb4 40. Kf6 Kg3 41. Rc2 f4 42. Kxg6 h4 43. Kf5 Be1 44. Ke4 Bb4 45. Rc8 Kxg2 46. Kxf4 Kxh3 47. Rh8 Be7 48. Rh7 Bd8 49. Ke5 Kg2 50. f4 h3 51. f5 h2 52. Rg7+ Kh3 53. f6 h1Q 54. Rh7+ Kg2 55. Rxh1 Kxh1 56. Ke6 Bb6 57. f7 Bc5 58. Kd7 Kg2 59. Ke8 Kf3 60. f8Q+ Bxf8 61. Kxf8 Ke4 62. Ke7 Kd5 63. Kf6 Kc5 64. Ke5 Kb4 65. Kd4 Kxa4 66. Kc3 Ka3 67. Kc2 Ka4 68. Kb2 Kb4 69. Ka1 a4 70. Kb1 Kb3 71. Ka1 Ka3 72. Kb1 Kb4 73. Ka1 Kb5 74. Kb1 Kc5 75. Ka1 Kd5 76. Ka2 Kc4 77. Kb1 Kb3 78. Ka1 Ka3 79. Kb1 Kb3 1/2-1/2

[Event "Titled Tuesday intern op 06th Oct"]
[Site "Chess.com INT"]
[Date "2020.10.06"]
[Round "1"]
[White "Boskovic, Drasko"]
[Black "Trapeznikova, Darya"]
[Result "1-0"]
[WhiteElo "2453"]
[BlackElo "2065"]
[PlyCount "107"]
[EventDate "2020.10.06"]
[EventType "swiss (blitz)"]
[EventRounds "10"]
[EventCountry "USA"]
[SourceTitle "CBM 198 Extra"]
[Source "ChessBase"]
[SourceDate "2020.11.30"]
[SourceVersion "1"]
[SourceVersionDate "2020.11.30"]
[SourceQuality "1"]

1. e4 c5 2. Nf3 Nc6 3. d4 cxd4 4. Nxd4 e5 5. Nb5 d6 6. a4 Be7 7. N1c3 a6 8. Na3 Be6 9. Bc4 Nf6 10. Bg5 0-0 11. Bxf6 Bxf6 12. Nd5 Bxd5 13. Bxd5 Qc7 14. 0-0 Ne7 15. c3 Rad8 16. Nc2 Bg5 17. Qd3 Kh8 18. Nb4 f5 19. exf5 Nxf5 20. Be4 Qf7 21. Nd5 g6 22. Rad1 Ng7 23. g3 Bh6 24. Kg2 Ne6 25. Qe2 Nc5 26. Bc2 Rfe8 27. b4 Nd7 28. a5 Nf6 29. Bb3 Qg7 30. Nxf6 Qxf6 31. Bd5 Qe7 32. Qe4 Rd7 33. c4 Bg7 34. b5 axb5 35. cxb5 Rc7 36. Rc1 Rec8 37. Rxc7 Rxc7 38. Ra1 Rc8 39. a6 bxa6 40. bxa6 Qa7 41. Bb7 Rd8 42. Ra2 Bf6 43. h4 Kg7 44. Qd5 Rd7 45. Rc2 Rf7 46. Qxd6 e4 47. Bxe4 Bd4 48. f4 Rd7 49. Qc6 Re7 50. Bf3 Be3 51. Re2 Rc7 52. Qe6 Bc5 53. Qe5+ Kf7 54. Bd5+ 1-0

[Event "Titled Tuesday intern op 06th Oct"]
[Site "Chess.com INT"]
[Date "2020.10.06"]
[Round "2"]
[White "Trapeznikova, Darya"]
[Black "Gulkov, Igor A"]
[Result "1/2-1/2"]
[WhiteElo "2065"]
[BlackElo "2358"]
[PlyCount "155"]
[EventDate "2020.10.06"]
[EventType "swiss (blitz)"]
[EventRounds "10"]
[EventCountry "USA"]
[SourceTitle "CBM 198 Extra"]
[Source "ChessBase"]
[SourceDate "2020.11.30"]
[SourceVersion "1"]
[SourceVersionDate "2020.11.30"]
[SourceQuality "1"]

1. e4 c5 2. c3 Nf6 3. e5 Nd5 4. Bc4 Nb6 5. Bb3 c4 6. Bc2 Nc6 7. Nf3 d5 8. exd6 Qxd6 9. 0-0 g6 10. b3 Bg7 11. Na3 cxb3 12. axb3 0-0 13. h3 e5 14. Re1 a6 15. Qe2 Be6 16. Nc4 Nxc4 17. bxc4 Rfe8 18. Ba3 Qc7 19. Ng5 Bc8 20. Ne4 Rd8 21. Rab1 b6 22. c5 b5 23. Nd6 Be6 24. Qe4 Rab8 25. f4 f5 26. Qe3 e4 27. d4 Na5 28. Bb4 Nc4 29. Nxc4 Bxc4 30. Ra1 Qc6 31. Qc1 Ra8 32. Qa3 Qd5 33. Ba5 Rdc8 34. Rab1 Re8 35. Bb3 e3 36. Bxc4 Qxc4 37. Qb3 Qxb3 38. Rxb3 Rac8 39. Re2 Bh6 40. g3 g5 41. fxg5 Bxg5 42. Kg2 Kf7 43. Bb6 Ke6 44. Ra3 Ra8 45. Rea2 Kd5 46. Kf3 Kc4 47. h4 Bh6 48. Re2 Kd3 49. Bc7 Kc4 50. Bf4 Bg7 51. Rxe3 b4 52. cxb4 Bxd4 53. Rxe8 Rxe8 54. c6 Kxb4 55. Rxa6 Kb5 56. Ra2 Kxc6 57. Rc2+ Kd5 58. Rd2 Kc4 59. Re2 Ra8 60. Be3 Ra3 61. Kf4 Bxe3+ 62. Rxe3 Rxe3 63. Kxe3 Kd5 64. Kf4 Ke6 65. Kg5 Ke5 66. Kh6 Ke4 67. Kxh7 Kf3 68. h5 Kxg3 69. h6 f4 70. Kg7 f3 71. h7 f2 72. h8Q f1Q 73. Qg8 Qa1+ 74. Kf7+ Kf3 75. Qg6 Qa7+ 76. Kf6 Qb6+ 77. Kg5 Qxg6+ 78. Kxg6 1/2-1/2

[Event "Titled Tuesday intern op 29th Sept"]
[Site "Chess.com INT"]
[Date "2020.09.29"]
[Round "9"]
[White "Trapeznikova, Darya"]
[Black "Taboas Rodriguez, Daniel"]
[Result "1-0"]
[WhiteElo "2065"]
[BlackElo "2365"]
[PlyCount "121"]
[EventDate "2020.09.29"]
[EventType "swiss (blitz)"]
[EventRounds "10"]
[EventCountry "USA"]
[SourceTitle "CBM 198 Extra"]
[Source "ChessBase"]
[SourceDate "2020.11.30"]
[SourceVersion "1"]
[SourceVersionDate "2020.11.30"]
[SourceQuality "1"]

1. e4 e6 2. d4 d5 3. Nd2 Nc6 4. c3 e5 5. exd5 Qxd5 6. dxe5 Nxe5 7. Ngf3 Nf6 8. Nxe5 Qxe5+ 9. Qe2 Bd6 10. Qxe5+ Bxe5 11. Nf3 Bd6 12. Bc4 Bg4 13. Nd4 0-0-0 14. 0-0 Bh5 15. Nf5 Bg6 16. Nxd6+ Rxd6 17. Bf4 Rb6 18. Bb3 Rd8 19. Rad1 a5 20. Rxd8+ Kxd8 21. Rd1+ Kc8 22. Be3 Rb5 23. c4 Re5 24. h3 Nd7 25. Bd4 Re2 26. Bxg7 f6 27. c5 Rxb2 28. Be6 Be8 29. Bxf6 Rb5 30. Be7 a4 31. Rd4 Rb1+ 32. Kh2 Re1 33. Bxd7+ Bxd7 34. Bh4 Re2 35. a3 Rc2 36. Rf4 b5 37. cxb6 cxb6 38. Rf8+ Kc7 39. Be7 Kc6 40. Bb4 Be6 41. Rf6 Kd5 42. Rh6 Rc7 43. f4 Rf7 44. Rh5+ Kc4 45. Re5 Bd7 46. g3 b5 47. Rc5+ Kb3 48. Re5 Bc6 49. Kg1 Rd7 50. Kf2 Rd3 51. Re3 Rxe3 52. Kxe3 Bd7 53. g4 h5 54. gxh5 Bxh3 55. Ke4 Be6 56. Ke5 Bg8 57. Kf6 Kc4 58. Kg7 Bd5 59. f5 Kd4 60. f6 Ke5 61. f7 1-0

[Event "RUS-chT rapid (Women)"]
[Site "Sochi"]
[Date "2019.10.19"]
[Round "7.4"]
[White "Styazhkina, Anna"]
[Black "Trapeznikova, Darya"]
[Result "1-0"]
[WhiteElo "2280"]
[BlackElo "2065"]
[PlyCount "51"]
[EventDate "2019.10.18"]
[EventType "team-tourn (rapid)"]
[EventRounds "9"]
[EventCountry "RUS"]
[SourceTitle "CBM 192 Extra"]
[Source "Chessbase"]
[SourceDate "2019.11.06"]
[SourceVersion "1"]
[SourceVersionDate "2019.11.06"]
[SourceQuality "1"]
[WhiteTeam "SSOR for Chess and Drafts (W)"]
[BlackTeam "Bukavushki Samara (W)"]
[WhiteTeamCountry "RUS"]
[BlackTeamCountry "RUS"]

1. e4 e5 2. Nf3 Nc6 3. Bc4 Nf6 4. d3 Be7 5. Nc3 0-0 6. a3 d6 7. h3 Be6 8. Ng5 Bxc4 9. dxc4 Nd7 10. h4 Nd4 11. Be3 h6 12. Nf3 Nxf3+ 13. Qxf3 Nb6 14. Qg3 Kh8 15. b3 f5 16. exf5 Rxf5 17. 0-0-0 Qf8 18. a4 c6 19. Kb1 Rd8 20. a5 Nd7 21. Ne4 b6 22. a6 Nb8 23. Qg6 Qf7 24. Qg4 d5 25. Ng5 hxg5 26. hxg5+ 1-0

[Event "RUS-ch rapid (Women)"]
[Site "Sochi"]
[Date "2019.10.16"]
[Round "10"]
[White "Shafigullina, Zarina"]
[Black "Trapeznikova, Darya"]
[Result "1-0"]
[WhiteElo "2295"]
[BlackElo "2052"]
[PlyCount "103"]
[EventDate "2019.10.15"]
[EventType "swiss"]
[EventRounds "11"]
[EventCountry "RUS"]
[SourceTitle "CBM 192 Extra"]
[Source "Chessbase"]
[SourceDate "2019.11.06"]
[SourceVersion "1"]
[SourceVersionDate "2019.11.06"]
[SourceQuality "1"]

1. d4 d5 2. Nf3 c6 3. g3 Nf6 4. Bg2 e6 5. 0-0 Bd6 6. Nbd2 0-0 7. c4 Nbd7 8. Re1 b6 9. Qc2 Bb7 10. b3 Rc8 11. e4 dxe4 12. Nxe4 Nxe4 13. Qxe4 Nf6 14. Qe2 c5 15. Rd1 Qe7 16. Bb2 Rfd8 17. Rd2 cxd4 18. Nxd4 Bxg2 19. Kxg2 Bc5 20. Rad1 Qb7+ 21. Qf3 Qxf3+ 22. Kxf3 Bb4 23. Re2 Rd7 24. a3 Bc5 25. Red2 Rcd8 26. b4 Be7 27. Nb3 Rxd2 28. Rxd2 Rxd2 29. Nxd2 Kf8 30. Nb3 Ke8 31. Nd4 Kd7 32. h3 a6 33. Ke3 h5 34. Nf3 Ke8 35. Ne5 g6 36. Bd4 a5 37. Nc6 axb4 38. Nxe7 Kxe7 39. Bxf6+ Kxf6 40. axb4 Ke5 41. f4+ Kd6 42. Ke4 f6 43. Kd4 Kc6 44. g4 hxg4 45. hxg4 Kd6 46. g5 e5+ 47. fxe5+ fxe5+ 48. Ke4 Ke6 49. c5 b5 50. c6 Kd6 51. c7 Kxc7 52. Kxe5 1-0

[Event "Satka Autumn op (Women)"]
[Site "Satka"]
[Date "2019.09.24"]
[Round "6"]
[White "Shamsutdinova, Karina"]
[Black "Trapeznikova, Darya"]
[Result "0-1"]
[WhiteElo "1747"]
[BlackElo "2085"]
[PlyCount "80"]
[EventDate "2019.09.19"]
[EventType "swiss"]
[EventRounds "9"]
[EventCountry "RUS"]
[SourceTitle "EXT 2020"]
[Source "ChessBase"]
[SourceDate "2019.10.17"]
[SourceVersion "1"]
[SourceVersionDate "2019.10.17"]
[SourceQuality "1"]

1. d4 d5 2. c4 e6 3. Nc3 c6 4. e3 Nf6 5. Nf3 Nbd7 6. Qc2 Bd6 7. Bd3 dxc4 8. Bxc4 b5 9. Be2 Bb7 10. a3 a5 11. b3 0-0 12. 0-0 Qe7 13. e4 e5 14. Rd1 b4 15. axb4 axb4 16. Rxa8 Rxa8 17. Na4 g6 18. dxe5 Nxe5 19. Nd2 c5 20. Bb2 Nc6 21. Nc4 Nd4 22. Bxd4 cxd4 23. Nxd6 Qxd6 24. f3 Rc8 25. Qd2 Rd8 26. Nb2 Nh5 27. Bf1 Qc5 28. Rc1 Qa5 29. Rc4 Ba6 30. Rxb4 Qa1 31. Nc4 Qc3 32. Qxc3 dxc3 33. Ne3 Rd1 34. g4 Nf4 35. Rb8+ Kg7 36. Rb6 c2 37. Rxa6 c1Q 38. Nxd1 Qxd1 39. Kf2 Qxb3 40. Kg3 Ne6 0-1

[Event "Satka Autumn op (Women)"]
[Site "Satka"]
[Date "2019.09.21"]
[Round "3"]
[White "Krylova, Mariya"]
[Black "Trapeznikova, Darya"]
[Result "1/2-1/2"]
[WhiteElo "1543"]
[BlackElo "2085"]
[PlyCount "85"]
[EventDate "2019.09.19"]
[EventType "swiss"]
[EventRounds "9"]
[EventCountry "RUS"]
[SourceTitle "EXT 2020"]
[Source "ChessBase"]
[SourceDate "2019.10.17"]
[SourceVersion "1"]
[SourceVersionDate "2019.10.17"]
[SourceQuality "1"]

1. e4 e5 2. Nf3 Nc6 3. Bc4 Nf6 4. d3 Be7 5. 0-0 0-0 6. Nc3 d6 7. h3 Na5 8. Bb3 Nxb3 9. axb3 c6 10. d4 exd4 11. Nxd4 d5 12. exd5 Nxd5 13. Nxd5 Qxd5 14. Be3 Bf6 15. c3 a6 16. b4 Rd8 17. Qc2 Qh5 18. Rfd1 Rd5 19. c4 Rd8 20. Ra5 b5 21. Rd2 Bxd4 22. Rxd4 Rxd4 23. Bxd4 Bf5 24. Qc3 Qg6 25. c5 h6 26. Ra3 Rd8 27. Kh2 Be4 28. f3 Bd5 29. Qe3 Qe6 30. Qf4 Bc4 31. Rxa6 Qd5 32. Bc3 Qe6 33. Qc7 Rc8 34. Qg3 Qg6 35. Qxg6 fxg6 36. Ra7 Bf7 37. Rd7 Kf8 38. Kg3 Kg8 39. Kf4 Re8 40. Rd6 g5+ 41. Kg3 Bd5 42. Rd7 Bf7 43. Rd6 1/2-1/2